000 00316nam a22001217a 4500
008 181023b xxu||||| |||| 00| 0 eng d
041 _aeng
080 _29 ED
_a510
100 _a39
101 _aMAT
245 _aTan Finite Mathematics For The Mnagerial Life And Social Science
_cLaan.M
942 _2udc
_cBK
999 _c50756
_d50756